000 00189 a2200097 4500
020 _a9781338542677
041 _aeng
100 _aVickie lee
245 _arubys chinese new year
942 _cK
999 _c30279
_d30277